Industrias culturales:retos para el desarrollo cultural/Carlos Santos...[et.al] (Registro nro. 19034)

Detalles MARC
000 -LEADER
fixed length control field 00513nam a22001691a 4500
001 - CONTROL NUMBER
control field 19034
003 - CONTROL NUMBER IDENTIFIER
control field OSt
005 - DATE AND TIME OF LATEST TRANSACTION
control field 20260204212435.0
008 - FIXED-LENGTH DATA ELEMENTS--GENERAL INFORMATION
fixed length control field 190129s2004||||dr ||||||b||||||||||spa||
020 ## - NUMERO DE LIBRO INTERNACIONAL NORMALIZADO
International Standard Book Number 99934879
082 ## - DEWEY DECIMAL CLASSIFICATION NUMBER
Classification number RD 306 IN42c
245 ## - TÍTULO PROPIAMENTE DICHO: SUBTÍTULO
Title Industrias culturales:retos para el desarrollo cultural/Carlos Santos...[et.al]
264 ## - PRODUCTION, PUBLICATION, DISTRIBUTION, MANUFACTURE, AND COPYRIGHT NOTICE
Place of production, publication, distribution, manufacture Santo Domingo:Fundación Global Democracia y Desarrollo
300 ## - PHYSICAL DESCRIPTION
Extensión 124 p.
650 ## - ASIENTO SECUNDARIO DE MATERIA -- TERMINO TEMÁTICO
Termino Temático Como Elemento de Entrada Medios de comunicación de masas-República DominicanaÌ
942 ## - ADDED ENTRY ELEMENTS (KOHA)
Source of classification or shelving scheme Dewey Decimal Classification
Koha item type Libros
Existencias
Withdrawn status Lost status Source of classification or shelving scheme Damaged status Not for loan Current library Date acquired Total Checkouts Full call number Barcode Date last seen Price effective from Koha item type
    Dewey Decimal Classification     Biblioteca UTECO 09/09/2019   RD 306 IN42C 018560 09/09/2019 09/09/2019 Libros
© 2021 Derechos Reservados UTECO - Teléfono: +1 809-585-2291 - Correo electrónico: biblioteca@uteco.edu.do​  
Código postal 43000 ​​
Dirección: Avenida Universitaria No. 100, 
Cotuí, Provincia Sánchez Ramírez, República Dominicana - RNC: 404-00059-6